Management research methods / (Record no. 32436)
[ view plain ]
| 000 -LEADER | |
|---|---|
| fixed length control field | 01335nam a22003731a 4500 |
| 001 - CONTROL NUMBER | |
| control field | 14728855 |
| 005 - DATE AND TIME OF LATEST TRANSACTION | |
| control field | 20160621020003.0 |
| 008 - FIXED-LENGTH DATA ELEMENTS--GENERAL INFORMATION | |
| fixed length control field | 070208s2007 enk b 001 0 eng |
| 010 ## - LIBRARY OF CONGRESS CONTROL NUMBER | |
| LC control number | 2007005702 |
| 020 ## - INTERNATIONAL STANDARD BOOK NUMBER | |
| International Standard Book Number | 0521694280 |
| 020 ## - INTERNATIONAL STANDARD BOOK NUMBER | |
| International Standard Book Number | 0521694280 |
| 035 ## - SYSTEM CONTROL NUMBER | |
| System control number | (OCoLC)83609780 |
| 035 ## - SYSTEM CONTROL NUMBER | |
| System control number | (OCoLC)ocm83609780 |
| 040 ## - CATALOGING SOURCE | |
| Original cataloging agency | DLC |
| Transcribing agency | DLC |
| Modifying agency | BAKER |
| -- | BTCTA |
| -- | BWKUK |
| -- | YDXCP |
| -- | DLC |
| 050 00 - LIBRARY OF CONGRESS CALL NUMBER | |
| Classification number | HD 30.4.T416 2007 |
| Item number | HD 30.4.T416 2007 |
| 082 00 - DEWEY DECIMAL CLASSIFICATION NUMBER | |
| Classification number | 658.40072 |
| Edition number | 22 |
| 100 1# - MAIN ENTRY--PERSONAL NAME | |
| Personal name | Tharenou, Phyllis. |
| 245 10 - TITLE STATEMENT | |
| Title | Management research methods / |
| Statement of responsibility, etc | Phyllis Tharenou, Ross Donohue, and Brian Cooper. |
| Medium | [Text] |
| 260 ## - PUBLICATION, DISTRIBUTION, ETC. (IMPRINT) | |
| Place of publication, distribution, etc | Cambridge |
| -- | Cambridge |
| Name of publisher, distributor, etc | Cambridge University Press |
| Date of publication, distribution, etc | 2007 |
| 300 ## - PHYSICAL DESCRIPTION | |
| Extent | x, 338 p. ; |
| Dimensions | 24 cm. |
| 504 ## - BIBLIOGRAPHY, ETC. NOTE | |
| Bibliography, etc | Includes bibliographical references and index. |
| 650 #0 - SUBJECT ADDED ENTRY--TOPICAL TERM | |
| Topical term or geographic name as entry element | Management |
| General subdivision | Research. |
| 700 1# - ADDED ENTRY--PERSONAL NAME | |
| Personal name | Cooper, Brian. |
| 700 1# - ADDED ENTRY--PERSONAL NAME | |
| Personal name | Donohue, Ross. |
| 856 42 - ELECTRONIC LOCATION AND ACCESS | |
| Materials specified | Contributor biographical information |
| 856 41 - ELECTRONIC LOCATION AND ACCESS | |
| Materials specified | Table of contents only |
| 856 42 - ELECTRONIC LOCATION AND ACCESS | |
| Materials specified | Publisher description |
| 906 ## - LOCAL DATA ELEMENT F, LDF (RLIN) | |
| a | 7 |
| b | cbc |
| c | orignew |
| d | 1 |
| e | ecip |
| f | 20 |
| g | y-gencatlg |
| 925 0# - | |
| -- | acquire |
| -- | 1 shelf copies |
| -- | policy default |
| 955 ## - COPY-LEVEL INFORMATION (RLIN) | |
| -- | se30 2007-02-08 to Dewey |
| 955 ## - COPY-LEVEL INFORMATION (RLIN) | |
| -- | ld09 2007-09-19 Z-CipVer |
| -- | ld09 2007-09-19 to BCCD |
| 942 00 - ADDED ENTRY ELEMENTS (KOHA) | |
| Koha issues (borrowed), all copies | 3 |
| Withdrawn status | Lost status | Source of classification or shelving scheme | Damaged status | Not for loan | Collection code | Home library | Current library | Shelving location | Date acquired | Source of acquisition | Cost, normal purchase price | Total Checkouts | Total Renewals | Full call number | Barcode | Date last seen | Date checked out | Copy number | Price effective from | Koha item type |
|---|---|---|---|---|---|---|---|---|---|---|---|---|---|---|---|---|---|---|---|---|
| Library of Congress Classification | General Circulation | AIU/NEGST - Tony Wilmot Memorial Library | AIU/NEGST - Tony Wilmot Memorial Library | General Stacks | 10/12/2009 | Purchase- Promove Media | 28.32 | 19 | 7 | HD 30.4.T416 2007 | R25520M3232 | 02/12/2024 | 01/20/2024 | 1 | 10/12/2009 | Books |
